| 000 | 01922nam1a22002651i 4500 | ||
|---|---|---|---|
| 001 | rc\3333219 | ||
| 005 | 20240724001215.0 | ||
| 010 | _958 | ||
| 035 | _a(NLR Aleph) 007426572 | ||
| 090 |
_a6971631 _c6971631 |
||
| 100 | _a20130115d1974 |||y0rusy50 ca | ||
| 101 | 0 | _arus | |
| 102 | _aRU | ||
| 105 | _a z ||||| | ||
| 200 | 1 |
_aТехнический проект по теме: "Разработка пакетов прикладных программ обработки экономической информации на базе применения ПВК М-5000 Д в сфере госстатистики (ППП - госстатистика)" _eУчет материальных ценностей _eЗадание на программирование _eТ. 1- _fЦСУ СССР. Всесоюз. гос. проектно-технол. ин-т по механизации учета и вычислит. работ |
|
| 210 |
_aМосква _cБ. и. _d[1974] |
||
| 215 | _d29 | ||
| 300 | _aНа обл. загл.: Разработка пакетов прикладных программ обработки экономической информации... | ||
| 333 | _aДСП | ||
| 512 | 0 | _aРазработка пакетов прикладных программ обработки экономической информации на базе применения ПВК М-5000 Д в сфере госстатистики (ППП - госстатистика) | |
| 532 | 1 | 3 | _aТехнический проект по теме Разработка пакетов прикладных программ обработки экономической информации на базе применения ПВК М-5000 Д в сфере госстатистики (ППП - госстатистика) |
| 801 | 0 |
_aRU _bNLR _gpsbo |
|
| 801 | 1 |
_aRU _bELAR _2rusmarc |
|
| 852 |
_aNLR _j74-50к/5749 |
||
| 942 | _cBOOK | ||